[Event "Nova Gorica op 28th"]
[Site "Nova Gorica"]
[Date "2024.01.28"]
[Round "4"]
[White "Labrovic, Jakov"]
[Black "Mihelj, Edvard Danijel"]
[Result "1-0"]
[WhiteElo "1925"]
[BlackElo "1618"]
[PlyCount "53"]
[EventDate "2024.01.26"]
[EventType "swiss"]
[EventRounds "9"]
[EventCountry "SLO"]
[SourceTitle "CB06_2024"]
[SourceDate "2024.02.07"]
[SourceVersion "1"]
[SourceVersionDate "2024.02.07"]
[SourceQuality "1"]

1. d4 g6 2. Bf4 d6 3. e4 b6 4. Nc3 Bb7 5. h4 e6 6. Qd2 h5 7. 0-0-0 Bg7 8. f3 a6 9. d5 e5 10. Bg5 Bh6 11. Nh3 f6 12. Bxh6 Nxh6 13. Be2 Nf7 14. f4 Bc8 15. Rhg1 Nh6 16. fxe5 dxe5 17. d6 Ng4 18. dxc7 Qxc7 19. Nd5 Qd6 20. Rgf1 f5 21. Qg5 Kf7 22. exf5 gxf5 23. Bxg4 hxg4 24. Rxf5+ Bxf5 25. Qxf5+ Kg7 26. Ng5 Qg6 27. Qxe5+ 1-0

[Event "Dubrovnik Advent op"]
[Site "Dubrovnik"]
[Date "2023.12.02"]
[Round "4"]
[White "Pastar, Slaven"]
[Black "Labrovic, Jakov"]
[Result "1-0"]
[WhiteElo "2357"]
[BlackElo "1922"]
[PlyCount "91"]
[EventDate "2023.12.01"]
[EventType "swiss"]
[EventRounds "6"]
[EventCountry "CRO"]
[SourceTitle "CB49_2023"]
[SourceDate "2023.12.06"]
[SourceVersion "1"]
[SourceVersionDate "2023.12.06"]
[SourceQuality "1"]

1. Nf3 Nc6 2. d4 d5 3. g3 e6 4. Bg2 Nf6 5. 0-0 Bd6 6. c4 0-0 7. Nc3 h6 8. a3 Rb8 9. c5 Be7 10. b4 Ne4 11. Nxe4 dxe4 12. Ne5 f5 13. Nxc6 bxc6 14. f3 Bf6 15. Bb2 a5 16. fxe4 axb4 17. e5 bxa3 18. Bc3 Bg5 19. Rxa3 Bd7 20. Qd3 Qc8 21. Rfa1 Rb7 22. h4 Be7 23. Bd2 Rd8 24. Kh2 Be8 25. Qc4 Qd7 26. Be3 Rdb8 27. Bd2 f4 28. gxf4 Bxh4 29. Rf1 Qf7 30. Rh3 Be7 31. Be4 Bf8 32. Rg1 Rb2 33. Bc1 R8b4 34. Qa6 Kh8 35. Bg6 Qd7 36. Bxe8 Qxe8 37. Bxb2 Rxb2 38. Qd3 Qa8 39. Rg2 Qe8 40. Qe4 Qf7 41. Rf2 Rb4 42. Qd3 Qd7 43. e3 Bxc5 44. Qg6 Ba7 45. Rg2 Rb8 46. Rhg3 1-0

[Event "Hvar op"]
[Site "Hvar"]
[Date "2023.10.20"]
[Round "8"]
[White "Faukovic, Matija"]
[Black "Labrovic, Jakov"]
[Result "1-0"]
[WhiteElo "2042"]
[BlackElo "1906"]
[PlyCount "69"]
[EventDate "2023.10.15"]
[EventType "swiss"]
[EventRounds "9"]
[EventCountry "CRO"]
[SourceTitle "Mega2024 Update 01"]
[Source "Chessbase"]
[SourceDate "2023.11.12"]
[SourceVersion "1"]
[SourceVersionDate "2023.11.12"]
[SourceQuality "1"]

1. b3 e5 2. Bb2 Nc6 3. c4 Nf6 4. e3 d5 5. cxd5 Nxd5 6. a3 Bd6 7. Qc2 0-0 8. Nf3 Kh8 9. d4 exd4 10. Nxd4 Ne5 11. Nb5 Ng4 12. Nxd6 Qxd6 13. Nc3 Ndxe3 14. fxe3 Nxe3 15. Qd2 Qe7 16. Kf2 Ng4+ 17. Kg3 f5 18. Qf4 h5 19. h4 Be6 20. Re1 Qf7 21. Bc4 Bxc4 22. bxc4 Rad8 23. Rhf1 Qg6 24. Kh3 Rd3+ 25. g3 Qb6 26. Re2 Qb3 27. Nd5 Rd1 28. Bxg7+ Kxg7 29. Qg5+ Kh8 30. Qxh5+ Kg8 31. Ne7+ Kg7 32. Nxf5+ Rxf5 33. Qxg4+ Kh6 34. Re6+ Kh7 35. Qg6+ 1-0

[Event "Solta op 6th"]
[Site "Grohote"]
[Date "2023.06.28"]
[Round "2"]
[White "Mammadova, Narmin Fazahir Qizi"]
[Black "Labrovic, Jakov"]
[Result "0-1"]
[WhiteElo "2241"]
[BlackElo "1945"]
[PlyCount "74"]
[EventDate "2023.06.27"]
[EventType "swiss"]
[EventRounds "9"]
[EventCountry "CRO"]
[SourceTitle "EXT 2024"]
[Source "ChessBase"]
[SourceDate "2023.10.10"]
[SourceVersion "1"]
[SourceVersionDate "2023.10.10"]
[SourceQuality "1"]

1. d4 Nf6 2. Nf3 e6 3. c4 c5 4. e3 d5 5. Nc3 Nc6 6. a3 cxd4 7. exd4 Be7 8. Bd3 dxc4 9. Bxc4 0-0 10. 0-0 Nd5 11. Re1 Bf6 12. Ne4 a6 13. Nxf6+ Qxf6 14. Bg5 Qg6 15. Rc1 f6 16. Bd2 Bd7 17. Ba2 Rac8 18. Bb1 Qh5 19. Re4 Qf7 20. Rh4 g6 21. Re4 Nce7 22. h4 Rxc1 23. Qxc1 Nf5 24. h5 g5 25. Nh2 Nd6 26. Rg4 Rc8 27. Qe1 Qxh5 28. Rg3 Qf7 29. Ng4 Kf8 30. Rh3 Nf5 31. Bxf5 exf5 32. Bb4+ Kg7 33. Nh2 g4 34. Rd3 Bb5 35. Rd1 Rc2 36. Bd6 Re2 37. Qf1 Re6 0-1

[Event "Nova Gorica op 27th"]
[Site "Nova Gorica"]
[Date "2023.03.20"]
[Round "6"]
[White "Labrovic, Jakov"]
[Black "Mihelj, Edvard Danijel"]
[Result "1-0"]
[WhiteElo "1888"]
[BlackElo "1637"]
[PlyCount "79"]
[EventDate "2023.03.16"]
[EventType "swiss"]
[EventRounds "9"]
[EventCountry "SLO"]
[SourceTitle "CBM 213 Extra"]
[Source "ChessBase"]
[SourceDate "2023.05.31"]
[SourceVersion "1"]
[SourceVersionDate "2023.05.31"]
[SourceQuality "1"]

1. e4 e5 2. d4 Nc6 3. d5 Nb8 4. f4 d6 5. Nf3 Nd7 6. Bb5 f6 7. fxe5 dxe5 8. 0-0 a6 9. Nxe5 Bc5+ 10. Kh1 Ne7 11. Bxd7+ Bxd7 12. Rxf6 Bd4 13. Qh5+ Ng6 14. Rxg6 0-0 15. Rxg7+ Kxg7 16. Bh6+ Kg8 17. Bxf8 Qxf8 18. Nd2 Be8 19. Qg5+ Qg7 20. Qxg7+ Kxg7 21. Nec4 b5 22. c3 Ba7 23. Ne5 Kf6 24. Ndf3 Bb8 25. g4 h6 26. h4 Ba7 27. g5+ hxg5 28. hxg5+ Kg7 29. Nh4 Bh5 30. Kg2 Re8 31. Nf5+ Kg8 32. Nc6 Bb6 33. e5 Kf7 34. Kg3 Kg6 35. Kf4 Rf8 36. Nce7+ Kf7 37. Rh1 Be2 38. Rh7+ Ke8 39. Nc6 Bd3 40. Re7# 1-0

[Event "EU-ch 23rd"]
[Site "Vrnjacka Banja"]
[Date "2023.03.13"]
[Round "11"]
[White "Labrovic, Jakov"]
[Black "Sekelja, Marko"]
[Result "1/2-1/2"]
[WhiteElo "1888"]
[BlackElo "2089"]
[PlyCount "23"]
[EventDate "2023.03.03"]
[EventType "swiss"]
[EventRounds "11"]
[EventCountry "SRB"]
[SourceTitle "CBM 213"]
[Source "ChessBase"]
[SourceDate "2023.04.30"]
[SourceVersion "1"]
[SourceVersionDate "2023.04.30"]
[SourceQuality "1"]

1. d4 c6 2. c4 d5 3. e3 Nf6 4. Nc3 e6 5. Nf3 Nbd7 6. Be2 Be7 7. 0-0 0-0 8. Bd2 dxc4 9. Bxc4 b5 10. Bd3 Bb7 11. Rc1 a6 12. Re1 1/2-1/2

[Event "Sitges Sunway op 9th"]
[Site "Sitges"]
[Date "2022.12.16"]
[Round "5"]
[White "Lever, Erwan"]
[Black "Labrovic, Jakov"]
[Result "1-0"]
[WhiteElo "2241"]
[BlackElo "1891"]
[PlyCount "87"]
[EventDate "2022.12.12"]
[EventType "swiss"]
[EventRounds "10"]
[EventCountry "ESP"]
[SourceTitle "CBM 211 Extra"]
[Source "ChessBase"]
[SourceDate "2023.01.31"]
[SourceVersion "1"]
[SourceVersionDate "2023.01.31"]
[SourceQuality "1"]

1. d4 Nf6 2. c4 Nc6 3. Nf3 e6 4. g3 d5 5. Nbd2 Ne4 6. Bg2 Bb4 7. 0-0 0-0 8. e3 a5 9. Nxe4 dxe4 10. Ne5 f5 11. Nxc6 bxc6 12. c5 Ba6 13. Qb3 Bxf1 14. Qxe6+ Kh8 15. Bxf1 a4 16. Qc4 Qb8 17. a3 Be1 18. Be2 Qb3 19. Kf1 Qxc4 20. Bxc4 Ba5 21. Be2 Rfb8 22. Bd1 g5 23. Bxa4 Bd2 24. Bxc6 Ra6 25. Bxd2 Rxc6 26. b4 Ra6 27. a4 Kg8 28. Bc3 Rba8 29. a5 Rb8 30. d5 Kf7 31. Ke2 Ke7 32. Ra2 Rb5 33. Kd2 Kd7 34. Kc2 c6 35. dxc6+ Kxc6 36. Kb3 Rb7 37. Kc4 Ra8 38. Rd2 Rd7 39. b5+ Kc7 40. Be5+ Kc8 41. Rxd7 Kxd7 42. a6 Kc8 43. c6 Kd8 44. Kc5 1-0

[Event "Sitges Sunway op 9th"]
[Site "Sitges"]
[Date "2022.12.12"]
[Round "1"]
[White "Labrovic, Jakov"]
[Black "Pourkashiyan, Atousa"]
[Result "0-1"]
[WhiteElo "1891"]
[BlackElo "2321"]
[PlyCount "54"]
[EventDate "2022.12.12"]
[EventType "swiss"]
[EventRounds "10"]
[EventCountry "ESP"]
[SourceTitle "CBM 211 Extra"]
[Source "ChessBase"]
[SourceDate "2023.01.31"]
[SourceVersion "1"]
[SourceVersionDate "2023.01.31"]
[SourceQuality "1"]

1. e4 c5 2. d4 cxd4 3. Qxd4 Nc6 4. Qe3 Nf6 5. Nc3 d6 6. Bc4 g6 7. Nge2 Bg7 8. Bd2 a6 9. Nd4 Nxd4 10. Qxd4 0-0 11. Be2 b5 12. Qd3 b4 13. Nd1 a5 14. c4 Bb7 15. Bf3 Nd7 16. Bf4 Rc8 17. Rc1 Nc5 18. Qe2 f5 19. exf5 Bxf3 20. gxf3 Rxf5 21. Be3 Qf8 22. Bxc5 Rcxc5 23. 0-0 Rxf3 24. Ne3 Rg5+ 25. Kh1 Be5 26. Ng2 Qf5 27. Nh4 Qh3 0-1

[Event "Nova Gorica op-A 26th"]
[Site "Nova Gorica"]
[Date "2022.09.22"]
[Round "9"]
[White "Labrovic, Jakov"]
[Black "Lohia, Sohum"]
[Result "0-1"]
[WhiteElo "1882"]
[BlackElo "2185"]
[PlyCount "70"]
[EventDate "2022.09.16"]
[EventType "swiss"]
[EventRounds "9"]
[EventCountry "SLO"]
[SourceTitle "CBM 210 Extra"]
[Source "ChessBase"]
[SourceDate "2022.11.30"]
[SourceVersion "1"]
[SourceVersionDate "2022.11.30"]
[SourceQuality "1"]

1. e4 e5 2. Bc4 Nf6 3. d4 exd4 4. Nf3 Nc6 5. Nxd4 Nxe4 6. Bxf7+ Kxf7 7. Qh5+ g6 8. Qd5+ Kg7 9. Nxc6 Qe8 10. Qe5+ Qxe5 11. Nxe5 Bb4+ 12. Kf1 d5 13. Nd3 Bd6 14. b4 Rf8 15. Bb2+ Kg8 16. Bd4 b6 17. Nc3 Nxc3 18. Bxc3 c5 19. f3 Bf5 20. a3 d4 21. bxc5 bxc5 22. Ba5 c4 23. Nb2 Bxc2 24. Kf2 c3 25. Nc4 Bc5 26. Kg3 Bb3 27. Ne5 Bd6 28. f4 g5 29. Kh3 gxf4 30. Nf3 Be6+ 31. g4 fxg3+ 32. Kg2 Bd5 33. Rhf1 Rxf3 34. Rxf3 Rf8 35. Raf1 gxh2 0-1

[Event "Nova Gorica op-A 26th"]
[Site "Nova Gorica"]
[Date "2022.09.21"]
[Round "8"]
[White "Rigatti, Giorgio"]
[Black "Labrovic, Jakov"]
[Result "0-1"]
[WhiteElo "1763"]
[BlackElo "1882"]
[PlyCount "42"]
[EventDate "2022.09.16"]
[EventType "swiss"]
[EventRounds "9"]
[EventCountry "SLO"]
[SourceTitle "CBM 210 Extra"]
[Source "ChessBase"]
[SourceDate "2022.11.30"]
[SourceVersion "1"]
[SourceVersionDate "2022.11.30"]
[SourceQuality "1"]

1. e4 e5 2. Nf3 Nc6 3. Bc4 f5 4. d4 exd4 5. Ng5 Ne5 6. Bxg8 Rxg8 7. Qxd4 Qf6 8. Nc3 c6 9. Bf4 Bd6 10. Be3 Bc7 11. Nf3 f4 12. Nxe5 Bxe5 13. Qc4 d5 14. exd5 Bxc3+ 15. bxc3 fxe3 16. 0-0-0 cxd5 17. Qxd5 Be6 18. Qb5+ Kf7 19. fxe3 Kg6 20. Rhf1 Qxc3 21. Rd6 Qa3+ 0-1

[Event "Nova Gorica op-A 26th"]
[Site "Nova Gorica"]
[Date "2022.09.20"]
[Round "7"]
[White "Beliavsky, Alexander G"]
[Black "Labrovic, Jakov"]
[Result "1-0"]
[WhiteElo "2505"]
[BlackElo "1882"]
[PlyCount "51"]
[EventDate "2022.09.16"]
[EventType "swiss"]
[EventRounds "9"]
[EventCountry "SLO"]
[SourceTitle "CBM 210 Extra"]
[Source "ChessBase"]
[SourceDate "2022.11.30"]
[SourceVersion "1"]
[SourceVersionDate "2022.11.30"]
[SourceQuality "1"]

1. d4 e6 2. c4 Nf6 3. Nf3 b6 4. g3 Ba6 5. Qa4 Be7 6. Nc3 0-0 7. Bg2 d5 8. cxd5 exd5 9. 0-0 Qd7 10. Qc2 c6 11. Re1 Bb7 12. Bg5 Na6 13. Ne5 Qd8 14. Rad1 Rc8 15. e4 h6 16. Bxf6 Bxf6 17. exd5 cxd5 18. Qf5 Rc7 19. Ng4 Bg5 20. h4 Bc8 21. Qf3 Bxg4 22. Qxg4 Bf6 23. Nxd5 Rc4 24. Qf5 Bxd4 25. b3 g6 26. Qf4 1-0

[Event "Nova Gorica op-A 26th"]
[Site "Nova Gorica"]
[Date "2022.09.18"]
[Round "5"]
[White "Labrovic, Jakov"]
[Black "Rozman, Monika"]
[Result "1-0"]
[WhiteElo "1882"]
[BlackElo "2111"]
[PlyCount "101"]
[EventDate "2022.09.16"]
[EventType "swiss"]
[EventRounds "9"]
[EventCountry "SLO"]
[SourceTitle "CBM 210 Extra"]
[Source "ChessBase"]
[SourceDate "2022.11.30"]
[SourceVersion "1"]
[SourceVersionDate "2022.11.30"]
[SourceQuality "1"]

1. e4 e5 2. d4 exd4 3. Qxd4 Nc6 4. Qe3 d6 5. Bc4 Nf6 6. f4 Be7 7. Nf3 0-0 8. Nc3 Na5 9. Bd3 c5 10. Bd2 Re8 11. 0-0-0 c4 12. Bf1 Bd7 13. e5 Ng4 14. Qe1 Bc6 15. Nd5 Bxd5 16. Bxa5 b6 17. Rxd5 bxa5 18. h3 Nh6 19. Bxc4 Qc7 20. Qe4 Rab8 21. g4 g6 22. Rhd1 Qb7 23. b3 Qb4 24. Qe1 dxe5 25. Qxb4 axb4 26. Nxe5 Rb7 27. g5 Nf5 28. Nxf7 Kf8 29. Nd8 Bxd8 30. Rxd8 Rxd8 31. Rxd8+ Ke7 32. Rh8 Kd6 33. Rf8 Kc5 34. Bd3 Ne3 35. Kd2 Re7 36. f5 gxf5 37. Bxf5 Nf1+ 38. Kd1 Kd4 39. Bd3 Ne3+ 40. Kd2 Nd5 41. Rd8 Kc5 42. Rc8+ Kd6 43. Rc4 a5 44. Rh4 Nc3 45. Bxh7 Re2+ 46. Kd3 Ke5 47. Kc4 Rg2 48. Rh5 Kd6 49. g6 Rxc2 50. g7 Nd5+ 51. Bxc2 1-0

[Event "Nova Gorica op-A 26th"]
[Site "Nova Gorica"]
[Date "2022.09.17"]
[Round "2"]
[White "Acimovic, Sergej"]
[Black "Labrovic, Jakov"]
[Result "1-0"]
[WhiteElo "2114"]
[BlackElo "1882"]
[PlyCount "91"]
[EventDate "2022.09.16"]
[EventType "swiss"]
[EventRounds "9"]
[EventCountry "SLO"]
[SourceTitle "CBM 210 Extra"]
[Source "ChessBase"]
[SourceDate "2022.11.30"]
[SourceVersion "1"]
[SourceVersionDate "2022.11.30"]
[SourceQuality "1"]

1. d4 e5 2. dxe5 d6 3. Nf3 Nc6 4. Bf4 Bg4 5. exd6 Qf6 6. Qc1 Bxd6 7. Bxd6 Qxd6 8. Qd2 0-0-0 9. Qxd6 Rxd6 10. e3 Nf6 11. Bc4 Ne5 12. Be2 Rhd8 13. Nc3 Nxf3+ 14. gxf3 Bh5 15. Rd1 Rb6 16. Rxd8+ Kxd8 17. b3 Rb4 18. e4 c6 19. Kd2 Nd7 20. Ke3 f5 21. a3 f4+ 22. Kxf4 Rd4 23. Rd1 Rxd1 24. Nxd1 Nc5 25. Ke5 Ke7 26. Nc3 Nd7+ 27. Kd4 a5 28. b4 axb4 29. axb4 b5 30. f4 Be8 31. Bf3 Kd6 32. e5+ Kc7 33. f5 Nb6 34. Ne4 Nc4 35. Be2 Nb6 36. Nc5 Bf7 37. c3 Nd5 38. Bf3 Ne7 39. Be4 h6 40. f4 Nc8 41. Ne6+ Bxe6 42. fxe6 Ne7 43. f5 Nc8 44. f6 gxf6 45. exf6 Kd6 46. e7 1-0

[Event "Nova Gorica op-A 26th"]
[Site "Nova Gorica"]
[Date "2022.09.17"]
[Round "3"]
[White "Labrovic, Jakov"]
[Black "Thuesen, Mogens Henrik"]
[Result "0-1"]
[WhiteElo "1882"]
[BlackElo "2242"]
[PlyCount "96"]
[EventDate "2022.09.16"]
[EventType "swiss"]
[EventRounds "9"]
[EventCountry "SLO"]
[SourceTitle "CBM 210 Extra"]
[Source "ChessBase"]
[SourceDate "2022.11.30"]
[SourceVersion "1"]
[SourceVersionDate "2022.11.30"]
[SourceQuality "1"]

1. e4 c5 2. Nf3 Nc6 3. d4 cxd4 4. Nxd4 Nf6 5. Nc3 e5 6. Nxc6 bxc6 7. Bc4 Bb4 8. 0-0 0-0 9. Bg5 h6 10. Bh4 d6 11. Qd3 Qe7 12. Nd1 Be6 13. Ne3 Rfd8 14. Bxe6 Qxe6 15. c4 Bc5 16. Rad1 a5 17. a4 g6 18. b3 Rd7 19. Bxf6 Qxf6 20. Ng4 Qg5 21. Qh3 f5 22. exf5 Rh7 23. fxg6 Qxg6 24. Ne3 Rf7 25. Qg4 Kh7 26. Qxg6+ Kxg6 27. g3 Rb8 28. Rd3 e4 29. Rdd1 Rxb3 30. Ng2 Rc3 31. Nf4+ Rxf4 32. gxf4 Rxc4 33. Kg2 Rxa4 34. Ra1 Rxa1 35. Rxa1 Bb4 36. Kg3 Kf5 37. Rc1 c5 38. Rd1 c4 39. Rd5+ Ke6 40. Rd4 d5 41. Rd1 c3 42. Kg4 Ba3 43. f5+ Kf6 44. Ra1 c2 45. Rxa3 c1Q 46. Rxa5 Qg1+ 47. Kh3 h5 48. f3 Qf1+ 0-1

[Event "Hum na Sutli op 14th"]
[Site "Hum na Sutli"]
[Date "2022.08.21"]
[Round "4"]
[White "Jelecevic, Ivo"]
[Black "Labrovic, Jakov"]
[Result "1-0"]
[WhiteElo "2119"]
[BlackElo "1875"]
[PlyCount "115"]
[EventDate "2022.08.20"]
[EventType "swiss"]
[EventRounds "9"]
[EventCountry "CRO"]
[SourceTitle "CBM 210 Extra"]
[Source "ChessBase"]
[SourceDate "2022.11.30"]
[SourceVersion "1"]
[SourceVersionDate "2022.11.30"]
[SourceQuality "1"]

1. e4 e5 2. Nf3 f5 3. Nxe5 Nc6 4. Nxc6 dxc6 5. Nc3 Qe7 6. Bd3 Nf6 7. 0-0 f4 8. e5 Ng4 9. Be4 Be6 10. d4 g5 11. Qe2 0-0-0 12. Rd1 Qg7 13. Na4 h5 14. b4 Rg8 15. Rb1 Bxa2 16. Rb2 Bd5 17. Bf5+ Kb8 18. c4 Nh6 19. Bb1 f3 20. Qd3 Be6 21. Nc5 Bxc5 22. bxc5 g4 23. Qb3 Bc8 24. Be4 b6 25. Qa4 Bb7 26. Ra2 a6 27. Bxc6 g3 28. hxg3 Bxc6 29. Qxc6 Qg6 30. Qxg6 Rxg6 31. Bxh6 Rxh6 32. Rxa6 Kb7 33. Ra3 bxc5 34. d5 fxg2 35. Kxg2 Rb6 36. Rh1 Rb2 37. Rxh5 Rc2 38. Rh4 Re2 39. Re3 Rc2 40. e6 Re8 41. Rf4 Kc8 42. Kf3 Kd8 43. g4 Rc1 44. g5 Rg1 45. Rf5 Rg8 46. Kf4 Ke8 47. e7 Rf1 48. f3 Rc1 49. Re4 Rg1 50. Rf6 Rh1 51. Kf5 Rh5 52. f4 c6 53. Rxc6 Kd7 54. Rh6 Rxh6 55. gxh6 Ke8 56. d6 Rh8 57. d7+ Kf7 58. e8Q+ 1-0

[Event "Solta op 5th"]
[Site "Grohote"]
[Date "2022.07.06"]
[Round "5"]
[White "Labrovic, Jakov"]
[Black "Kostov, Kiril"]
[Result "1-0"]
[WhiteElo "1786"]
[BlackElo "2010"]
[PlyCount "83"]
[EventDate "2022.07.02"]
[EventType "swiss"]
[EventRounds "9"]
[EventCountry "CRO"]
[SourceTitle "EXT 2023"]
[Source "ChessBase"]
[SourceDate "2022.10.05"]
[SourceVersion "1"]
[SourceVersionDate "2022.10.05"]
[SourceQuality "1"]

1. e4 c5 2. Nf3 d6 3. Nc3 a6 4. a4 e6 5. d4 cxd4 6. Nxd4 Nf6 7. Be2 Be7 8. Be3 Nc6 9. 0-0 Bd7 10. Nb3 Na5 11. Nd2 Rc8 12. f4 Qc7 13. Bd3 e5 14. f5 g6 15. g4 gxf5 16. exf5 h5 17. g5 Rg8 18. h4 d5 19. Bf2 Bc5 20. Kh1 Bxf2 21. gxf6 Qc5 22. Qe2 Bd4 23. Nf3 Bxc3 24. bxc3 e4 25. Ng5 Qd6 26. Qxh5 Qxf6 27. Rae1 Rh8 28. Qg4 Qh6 29. Rf4 Rg8 30. Bxe4 dxe4 31. Rfxe4+ Kf8 32. Re7 Be8 33. Qb4 Kg7 34. Qd4+ Kf8 35. Qb4 Qc6+ 36. R1e4 Kg7 37. Qd4+ Kh6 38. Qe3 Nc4 39. Nxf7+ Kg7 40. Nd6+ Kf6 41. R7e6+ Kg7 42. Qh6# 1-0

[Event "Solta op 5th"]
[Site "Grohote"]
[Date "2022.07.04"]
[Round "4"]
[White "Gaspar, Zdravko"]
[Black "Labrovic, Jakov"]
[Result "0-1"]
[WhiteElo "1569"]
[BlackElo "1786"]
[PlyCount "110"]
[EventDate "2022.07.02"]
[EventType "swiss"]
[EventRounds "9"]
[EventCountry "CRO"]
[SourceTitle "EXT 2023"]
[Source "ChessBase"]
[SourceDate "2022.10.05"]
[SourceVersion "1"]
[SourceVersionDate "2022.10.05"]
[SourceQuality "1"]

1. d4 Nf6 2. Nf3 d5 3. e3 Bg4 4. Be2 e6 5. 0-0 Bd6 6. Nbd2 Nbd7 7. h3 Bh5 8. c4 c6 9. b3 Qe7 10. a3 0-0-0 11. Bb2 h6 12. b4 g5 13. Ne5 Bxe2 14. Qxe2 h5 15. c5 Bb8 16. b5 Nxe5 17. dxe5 Ne4 18. bxc6 bxc6 19. Nxe4 dxe4 20. Bd4 Qc7 21. Rab1 Kd7 22. Qa6 Ke8 23. Rb7 Qc8 24. Rfb1 Kf8 25. Qe2 Bc7 26. Qa6 Kg7 27. Qxa7 Rd7 28. Qa4 Bd8 29. Qa7 Bc7 30. Qa4 Bd8 31. Qa7 Bc7 32. a4 Qa8 33. a5 Rb8 34. Qxa8 Rxa8 35. Ra1 Ra6 36. Kh2 Kf8 37. Kg3 Bxe5+ 38. Bxe5 Rxb7 39. Bf6 Rb5 40. Rd1 Ra8 41. Bxg5 Rxc5 42. Bd8 Rd5 43. Rxd5 exd5 44. Bb6 Ke7 45. Kf4 Kd6 46. g4 hxg4 47. hxg4 c5 48. Kf5 c4 49. Bd4 Rxa5 50. Kf6 Ra2 51. Kxf7 Rxf2+ 52. Kg6 Rd2 53. Bf6 d4 54. exd4 c3 55. Bg5 Rd3 0-1

[Event "Reykjavik Kvika op"]
[Site "Reykjavik"]
[Date "2022.04.10"]
[Round "6"]
[White "Roe, Simon J"]
[Black "Labrovic, Jakov"]
[Result "1-0"]
[WhiteElo "2211"]
[BlackElo "1806"]
[PlyCount "63"]
[EventDate "2022.04.06"]
[EventType "swiss"]
[EventRounds "9"]
[EventCountry "ISL"]
[SourceTitle "CBM 207 Extra"]
[Source "ChessBase"]
[SourceDate "2022.05.31"]
[SourceVersion "1"]
[SourceVersionDate "2022.05.31"]
[SourceQuality "1"]

1. Nf3 Nc6 2. d4 d5 3. c4 e6 4. e3 Nf6 5. a3 a5 6. Nc3 Be7 7. Bd3 0-0 8. 0-0 Re8 9. Qc2 Bf8 10. Rd1 g6 11. e4 dxe4 12. Nxe4 Nxe4 13. Bxe4 Bg7 14. Be3 Bd7 15. Bg5 Qc8 16. Qd2 Ne7 17. Bh6 Ba4 18. Re1 c5 19. Bxg7 Kxg7 20. h4 h5 21. d5 exd5 22. cxd5 f5 23. Bb1 Ng8 24. Qc3+ Nf6 25. Ba2 b6 26. Rxe8 Bxe8 27. Re1 Qd8 28. Ng5 Bd7 29. d6 Qf8 30. Re7+ Qxe7 31. dxe7 Re8 32. Qe5 1-0

[Event "Reykjavik Kvika op"]
[Site "Reykjavik"]
[Date "2022.04.09"]
[Round "5"]
[White "Labrovic, Jakov"]
[Black "Eythorsson, Engilbert Vidar"]
[Result "1-0"]
[WhiteElo "1806"]
[BlackElo "1253"]
[PlyCount "85"]
[EventDate "2022.04.06"]
[EventType "swiss"]
[EventRounds "9"]
[EventCountry "ISL"]
[SourceTitle "CBM 207 Extra"]
[Source "ChessBase"]
[SourceDate "2022.05.31"]
[SourceVersion "1"]
[SourceVersionDate "2022.05.31"]
[SourceQuality "1"]

1. e4 e6 2. d4 d5 3. exd5 exd5 4. c4 Nf6 5. Nc3 c6 6. Bg5 Bb4 7. Nf3 0-0 8. Be2 dxc4 9. Bxc4 Re8+ 10. Ne5 Be6 11. Bd3 c5 12. 0-0 cxd4 13. Ne4 Be7 14. f4 Nxe4 15. Bxe4 Bd5 16. Bxe7 Rxe7 17. Qxd4 Nc6 18. Qxd5 Qb6+ 19. Kh1 Rd8 20. Nxc6 bxc6 21. Qxc6 Qxb2 22. Rae1 Rde8 23. Re3 Qxa2 24. Rfe1 g6 25. h3 Qb2 26. Qc4 Qf6 27. g3 a5 28. Kg2 h5 29. Kf3 h4 30. g4 g5 31. Bf5 Rxe3+ 32. Rxe3 Rxe3+ 33. Kxe3 gxf4+ 34. Kxf4 Qd6+ 35. Kg5 Qe7+ 36. Kh5 Qf6 37. Qf4 Qh8+ 38. Qh6 Qe5 39. Kxh4 a4 40. Bh7+ Kh8 41. Bg6+ Kg8 42. Qh7+ Kf8 43. Qxf7# 1-0